GUIDE TO THE PAYMENT OF GRATUITY ACT 197 (Record no. 10523)

MARC details
000 -LEADER
fixed length control field 00359nam a2200133Ia 4500
008 - FIXED-LENGTH DATA ELEMENTS--GENERAL INFORMATION
fixed length control field 240624s9999 xx 000 0 und d
041 ## - LANGUAGE CODE
Language code of text/sound track or separate title eng
082 ## - DEWEY DECIMAL CLASSIFICATION NUMBER
Classification number 344.01 PUR
100 ## - MAIN ENTRY--PERSONAL NAME
Personal name PURI S D
245 ## - TITLE STATEMENT
Title GUIDE TO THE PAYMENT OF GRATUITY ACT 197
260 ## - PUBLICATION, DISTRIBUTION, ETC.
Date of publication, distribution, etc. 2008
Place of publication, distribution, etc. Mumbai
Name of publisher, distributor, etc. Snow White Publication Pvt. Ltd.
300 ## - PHYSICAL DESCRIPTION
Extent 720 : p. : cm. ; 26
365 ## - TRADE PRICE
Currency code RS
Price amount 15
Holdings
Withdrawn status Lost status Damaged status Not for loan Home library Current library Shelving location Date acquired Source of acquisition Cost, normal purchase price Total Holds Full call number Barcode Date last seen Copy number Price effective from Koha item type
        IMTN IMTN Rack 14-B 09/20/2008 SLH 695.00 32380 344.01 PUR 10523 06/24/2024 1 06/24/2024 Books
Designed & Maintained by: LRC IMT Nagpur Contact: lrc@imtnag.ac.in© 2024. All Rights Reserved.